| 000 | 02313 a2200373 4500 | ||
|---|---|---|---|
| 001 | 23993824 | ||
| 003 | 0000 | ||
| 005 | 20251017100630.0 | ||
| 008 | 250115s2025 flu b 001 0 eng | ||
| 010 | _a 2024046788 | ||
| 020 | _a9781032968766 | ||
| 035 | _a23993824 | ||
| 040 |
_aDLC _beng _erda _cDLC |
||
| 042 | _apcc | ||
| 050 | 0 | 0 | _aTK 7895 .A65 .N48 |
| 100 | 1 |
_aNeuman, Yair, _d1968- _eauthor. |
|
| 245 | 1 | 0 |
_aAI for understanding human conversations / _cYair Neuman. |
| 246 | 3 | _aArtificial intelligence for understanding human conversations | |
| 263 | _a2503 | ||
| 264 | 1 |
_aBoca Raton FL : _bCRC Press, _c2025. |
|
| 300 | _aix, 204p. ill. | ||
| 336 |
_atext _btxt _2rdacontent |
||
| 337 |
_aunmediated _bn _2rdamedia |
||
| 338 |
_avolume _bnc _2rdacarrier |
||
| 490 | 0 | _aAI for everything | |
| 504 | _aIncludes bibliographical references and index. | ||
| 505 | 0 | _aHuman conversations and the promise of AI -- AI for analyzing divergent perspectives in a conversation -- Framing conversations with LLMs -- Teaching AI to memorize conversations -- AI for analyzing shifts in a conversation -- Shifts in topic and what they can teach us -- AI for understanding interlocutors -- How AI can read flirtation, ambiguity, and coherence -- Final comments. | |
| 520 |
_a"AI and specifically LLMs revolutionize our lives with new technologies appearing at an unprecedented rate. These technologies can potentially change how we understand human conversations, from the dialogues of married couples to diplomatic conversations. The current book explains how to use LLMs to analyze human conversations and how better LLMs can be developed by incorporating a deep theoretical understanding. Drawing on case studies from Pulp Fiction to diplomatic meetings, the book provides detailed, approachable, and theoretically grounded explanations of how LLMs can help us understand conversations"-- _cProvided by publisher. |
||
| 650 | 0 |
_aArtificial intelligence. _2Computational linguistics. _vSpeech processing systems. _x Machine learning. |
|
| 650 | 0 |
_aArtificial intelligence. _2Human-computer interaction. _vNatural language processing (Computer science). |
|
| 906 |
_a7 _bcbc _corignew _d1 _eecip _f20 _gy-gencatlg |
||
| 942 |
_2lcc _cBK |
||
| 999 |
_c43871 _d43871 |
||